000 00308nam a22001337a 4500
003 SGT
082 _a615.32103
_bC14S
100 _aSHARMA, PRIYAVRAT
245 _aCLASSICAL USE OF MEDICINAL PLANT
260 _aVARANASI
_bCHAUKHAMBHA PUB
_c2014
300 _a848
650 _aMEDICINAL PLANT
942 _2ddc
_cBK
999 _c8406
_d8406